Strategic & Business Planing (Record no. 668)

MARC details
000 -LEADER
fixed length control field 00430nam a2200157Ia 4500
008 - FIXED-LENGTH DATA ELEMENTS--GENERAL INFORMATION
fixed length control field 230312s9999||||xx |||||||||||||| ||und||
020 ## - INTERNATIONAL STANDARD BOOK NUMBER
International Standard Book Number 81-7992-097-6
082 ## - DEWEY DECIMAL CLASSIFICATION NUMBER
Classification number 658.4012
Item number HAI
100 ## - MAIN ENTRY--PERSONAL NAME
Personal name Hainess Stephen G.
245 #0 - TITLE STATEMENT
Title Strategic & Business Planing
260 ## - PUBLICATION, DISTRIBUTION, ETC.
Name of publisher, distributor, etc. Jaico Publishing
Place of publication, distribution, etc. Mumbai
Date of publication, distribution, etc. 2003
300 ## - PHYSICAL DESCRIPTION
Extent 176
546 ## - LANGUAGE NOTE
Language note Eng.
650 ## - SUBJECT ADDED ENTRY--TOPICAL TERM
Topical term or geographic name entry element Management
Form subdivision Seemingly Simple Elements , Ideal Future Vision ,
942 ## - ADDED ENTRY ELEMENTS (KOHA)
Koha item type BOOK
Holdings
Withdrawn status Lost status Source of classification or shelving scheme Damaged status Not for loan Home library Current library Date acquired Total Checkouts Full call number Barcode Date due Date last seen Date last checked out Price effective from Koha item type
    Dewey Decimal Classification     Superior Information Resource Center (SIRC) Superior University- Main Campus Superior Information Resource Center (SIRC) Superior University- Main Campus 03/13/2023 1 658.4012 HAI 677 11/12/2025 11/05/2025 11/05/2025 03/13/2023 BOOK

Powered by Koha